[Event "RUS-ch Blitz Men 2018"]
[Site "Sochi"]
[Date "2018.10.07"]
[Round "14"]
[White "Truskavetsky, Alexandr"]
[Black "Belyakov, Bogdan"]
[Result "1-0"]
[WhiteElo "2307"]
[BlackElo "2464"]
[Annotator "ChessBase"]
[PlyCount "159"]
[EventDate "2018.10.07"]
[EventType "swiss"]
[EventCountry "RUS"]
[SourceTitle "playchess.com"]
[Source "ChessBase"]
[SourceQuality "1"]

1. d4 Nf6 2. c4 g6 3. g3 Bg7 4. Bg2 O-O 5. Nc3 d6 6. Nf3 Nc6 7. O-O a6 8. b3 Rb8 9. d5 Na5 10. Bg5 c5 11. dxc6 bxc6 12. c5 d5 13. Bf4 Rb7 14. Be5 Bg4 15. Qd4 Bxf3 16. Bxf3 Ne8 17. Bxg7 Nxg7 18. e4 Ne6 19. Qe5 d4 20. Ne2 Rb5 21. Rac1 Nb7 22. Rfd1 Rxc5 23. Rxc5 Nbxc5 24. Nxd4 Nxd4 25. Rxd4 Nd3 26. Rxd8 Nxe5 27. Rxf8+ Kxf8 28. Be2 a5 29. f4 Nd7 30. Kf2 e5 31. Ke3 Ke7 32. Bg4 exf4+ 33. gxf4 Nc5 34. Kd4 Na6 35. a3 Kd6 36. e5+ Kc7 37. Be2 Nb8 38. Bc4 f6 39. exf6 Kd6 40. f7 c5+ 41. Ke4 Nd7 42. f5 g5 43. h3 h5 44. Be2 Nf6+ 45. Ke3 Ke7 46. Kd3 Kxf7 47. Kc4 g4 48. hxg4 hxg4 49. Kxc5 Ne4+ 50. Kb6 g3 51. Bf3 Nd2 52. Bg2 Nxb3 53. Kb5 Kf6 54. Ka4 Nc5+ 55. Kxa5 Kxf5 56. Kb5 Nd3 57. a4 Kf4 58. a5 Ke3 59. a6 Kf2 60. Bh1 Kg1 61. Bb7 Ne5 62. a7 Nf7 63. Bd5 Nd6+ 64. Ka6 Ne8 65. Kb6 Nf6 66. Bc6 Kf2 67. a8=Q Ke3 68. Qa3+ Kf4 69. Qb4+ Kg5 70. Qc5+ Kg4 71. Qd4+ Kg5 72. Qe5+ Kg6 73. Qxg3+ Kf7 74. Qe5 Kg6 75. Be4+ Kf7 76. Qf5 Ke7 77. Bd5 Nd7+ 78. Kc7 Nf8 79. Qg5+ Ke8 80. Qf6 1-0

[Event "RUS-ch Blitz Men 2018"]
[Site "Sochi"]
[Date "2018.10.07"]
[Round "14"]
[White "Tekeyev, Zaur"]
[Black "Malakhov, Igor"]
[Result "1/2-1/2"]
[WhiteElo "2301"]
[BlackElo "2451"]
[Annotator "ChessBase"]
[PlyCount "100"]
[EventDate "2018.10.07"]
[EventType "swiss"]
[EventCountry "RUS"]
[SourceTitle "playchess.com"]
[Source "ChessBase"]
[SourceQuality "1"]

1. e4 c5 2. Nf3 Nc6 3. Bb5 e6 4. O-O Nge7 5. Re1 a6 6. Bf1 d5 7. d3 d4 8. g3 e5 9. a4 Ng6 10. Na3 Rb8 11. h4 Bg4 12. Be2 Be7 13. Nh2 Bd7 14. h5 Nf8 15. Bg4 Ne6 16. f4 exf4 17. gxf4 b5 18. axb5 axb5 19. Qf3 Nc7 20. Bd2 O-O 21. Kh1 Bxg4 22. Qxg4 f5 23. exf5 Kh8 24. Rg1 Bf6 25. Nf3 Qd5 26. Kh2 Rbe8 27. Rae1 c4 28. h6 gxh6 29. Qh5 Bg7 30. Rxg7 Kxg7 31. Rg1+ Kh8 32. Qxh6 Re2+ 33. Rg2 Rxg2+ 34. Kxg2 Rxf5 35. Kf2 cxd3 36. cxd3 Ne8 37. Ng5 Rxg5 38. fxg5 Qf5+ 39. Ke2 Ne5 40. Nxb5 Qxd3+ 41. Kd1 Ng7 42. Qf6 Qf3+ 43. Qxf3 Nxf3 44. Ke2 Nxd2 45. Kxd2 Ne6 46. Kd3 Kg7 47. Nxd4 Nxg5 48. b4 Nf7 49. Ke4 h5 50. b5 Nd6+ 1/2-1/2

[Event "RUS-ch Blitz Men 2018"]
[Site "Sochi"]
[Date "2018.10.07"]
[Round "14"]
[White "Nuristani, Iman"]
[Black "Murzin, Volodar"]
[Result "0-1"]
[WhiteElo "2295"]
[BlackElo "2450"]
[Annotator "ChessBase"]
[PlyCount "100"]
[EventDate "2018.10.07"]
[EventType "swiss"]
[EventCountry "RUS"]
[SourceTitle "playchess.com"]
[Source "ChessBase"]
[SourceQuality "1"]

1. d4 Nf6 2. c4 g6 3. Nc3 Bg7 4. e4 O-O 5. Be2 d6 6. Bg5 Nbd7 7. Qd2 e5 8. Nf3 exd4 9. Nxd4 Nc5 10. Qf4 Ne6 11. Nxe6 fxe6 12. Qh4 e5 13. Nd5 Be6 14. Bg4 Bxg4 15. Bxf6 Bxf6 16. Qxg4 Bg7 17. O-O c6 18. Ne3 Qe7 19. g3 Rf6 20. Rad1 Raf8 21. Ng2 h5 22. Qe2 Kh7 23. Nh4 Bh6 24. Rd3 Qf7 25. Kg2 Qxc4 26. b3 Qe6 27. Rfd1 Qe7 28. Nf3 d5 29. Kg1 d4 30. Kg2 c5 31. Rf1 b6 32. Nd2 Qe6 33. Nc4 h4 34. h3 hxg3 35. Rxg3 Rf4 36. Nd2 Qc6 37. f3 Rh4 38. Nc4 Bf4 39. Rg4 Rh5 40. Qf2 Qf6 41. Rh1 Kg7 42. a3 Rfh8 43. b4 b5 44. Nb2 c4 45. a4 a6 46. axb5 axb5 47. Ra1 Qe7 48. h4 Rxh4 49. Rxh4 Rxh4 50. Ra7 Rh2+ 0-1

[Event "RUS-ch Blitz Men 2018"]
[Site "Sochi"]
[Date "2018.10.07"]
[Round "14"]
[White "Linker, Mikhail"]
[Black "Kezin, Roman"]
[Result "1-0"]
[WhiteElo "2195"]
[BlackElo "2575"]
[Annotator "ChessBase"]
[PlyCount "75"]
[EventDate "2018.10.07"]
[EventType "swiss"]
[EventCountry "RUS"]
[SourceTitle "playchess.com"]
[Source "ChessBase"]
[SourceQuality "1"]

1. d4 d5 2. c4 e6 3. Nf3 Nf6 4. e3 b6 5. Nc3 Bb7 6. Bd3 Nbd7 7. O-O Bd6 8. Qc2 dxc4 9. Bxc4 O-O 10. e4 e5 11. d5 a6 12. a4 h6 13. b3 c6 14. dxc6 Bxc6 15. Rd1 Bc5 16. Nxe5 Nxe5 17. Rxd8 Raxd8 18. Bf4 Nxc4 19. bxc4 Rd4 20. Be3 Rxc4 21. Qd3 Rb4 22. Bxc5 bxc5 23. Qxa6 Ba8 24. Qd6 Rc4 25. Qd3 Rd4 26. Qb5 Rfd8 27. h3 c4 28. a5 Nxe4 29. Nxe4 Bxe4 30. Rc1 Rd1+ 31. Rxd1 Rxd1+ 32. Kh2 Bd5 33. Qc5 Be6 34. a6 Ra1 35. a7 c3 36. Qd4 Kh7 37. Qe4+ g6 38. a8=Q 1-0

[Event "RUS-ch Blitz Men 2018"]
[Site "Sochi"]
[Date "2018.10.07"]
[Round "15"]
[White "Dubov, Daniil"]
[Black "Artemiev, Vladislav"]
[Result "1-0"]
[WhiteElo "2703"]
[BlackElo "2706"]
[Annotator "TA"]
[PlyCount "79"]
[EventDate "2018.10.07"]
[EventType "swiss"]
[EventCountry "RUS"]
[SourceTitle "playchess.com"]
[Source "ChessBase"]
[SourceQuality "1"]

1. c4 e5 2. Nc3 Bb4 3. Nd5 a5 4. a3 Be7 5. g3 Nf6 6. Bg2 Nxd5 7. cxd5 c6 8. e3 cxd5 9. Ne2 d4 10. exd4 exd4 11. Nxd4 O-O 12. O-O Nc6 13. Nb5 d5 14. d4 Be6 15. Bf4 Bf6 16. Rc1 Qb6 17. a4 Rac8 18. Bd6 Rfd8 19. Bc5 Qa6 20. Re1 b6 21. Ba3 Qa8 22. Qd2 Qb8 23. h4 h6 24. Rc3 Na7 25. Rf3 Nxb5 26. axb5 Kh7 27. Bf1 Re8 28. Bd3+ Kg8 29. Rxf6 gxf6 30. Qxh6 f5 31. Qg5+ Kh7 32. Be7 Rxe7 33. Qxe7 Rc7 34. Qf6 Qc8 35. Re5 Kg8 36. Bxf5 Bxf5 37. Rxf5 Rc1+ 38. Kg2 Qd7 39. Rg5+ Kf8 40. Rh5 1-0

[Event "RUS-ch Blitz Men 2018"]
[Site "Sochi"]
[Date "2018.10.07"]
[Round "15"]
[White "Matlakov, Maxim"]
[Black "Shcherbakov, Ruslan"]
[Result "1-0"]
[WhiteElo "2683"]
[BlackElo "2516"]
[Annotator "TA"]
[PlyCount "83"]
[EventDate "2018.10.07"]
[EventType "swiss"]
[EventCountry "RUS"]
[SourceTitle "playchess.com"]
[Source "ChessBase"]
[SourceQuality "1"]

1. d4 Nf6 2. Bf4 c5 3. d5 e6 4. Nc3 Qb6 5. Rb1 Qb4 6. Bd2 Qb6 7. e4 d6 8. Bb5+ Bd7 9. Bxd7+ Nbxd7 10. dxe6 fxe6 11. Nf3 d5 12. exd5 exd5 13. O-O O-O-O 14. b4 cxb4 15. a3 d4 16. Ne2 a5 17. axb4 axb4 18. Nexd4 Bc5 19. c3 Ne4 20. Re1 Ndf6 21. Qc2 Nxd2 22. Qxd2 Bxd4 23. cxd4 Nd5 24. Ne5 Kb8 25. Nf7 Rhf8 26. Nxd8 Rxd8 27. Rb3 Qb5 28. h3 Qc4 29. Reb1 Re8 30. R1b2 h6 31. Kh2 Re4 32. Rxb4 Nxb4 33. Rxb4 Qc7+ 34. g3 Qe7 35. Qb2 g5 36. Rb6 h5 37. d5 h4 38. g4 Rf4 39. d6 Qd7 40. Kg2 Qe6 41. Rxb7+ Kc8 42. Rc7+ 1-0

[Event "RUS-ch Blitz Men 2018"]
[Site "Sochi"]
[Date "2018.10.07"]
[Round "15"]
[White "Morozevich, Alexander"]
[Black "Antipov, Mikhail Al."]
[Result "1-0"]
[WhiteElo "2656"]
[BlackElo "2593"]
[Annotator "TA"]
[PlyCount "67"]
[EventDate "2018.10.07"]
[EventType "swiss"]
[EventCountry "RUS"]
[SourceTitle "playchess.com"]
[Source "ChessBase"]
[SourceQuality "1"]

1. e4 e6 2. d4 d5 3. Nc3 Bb4 4. e5 Qd7 5. a3 Bxc3+ 6. bxc3 b6 7. Qg4 f5 8. Qg3 Ba6 9. Bxa6 Nxa6 10. Ne2 Kf7 11. a4 Ne7 12. h4 c5 13. h5 cxd4 14. h6 g6 15. cxd4 Rhc8 16. c3 Rc4 17. a5 b5 18. O-O Rac8 19. Bd2 Ke8 20. Rfb1 Nc7 21. a6 Nc6 22. Nf4 Nb8 23. Rb3 Nbxa6 24. Rba3 Rc6 25. Ra5 Rb8 26. Bc1 Qf7 27. Ba3 Kd7 28. Bd6 Rbb6 29. Nd3 Kc8 30. Nc5 Nxc5 31. dxc5 Rb7 32. Rxa7 f4 33. Qg5 Qd7 34. Qf6 1-0

[Event "RUS-ch Blitz Men 2018"]
[Site "Sochi"]
[Date "2018.10.07"]
[Round "15"]
[White "Sarana, Alexey"]
[Black "Gordievsky, Dmitry"]
[Result "1-0"]
[WhiteElo "2641"]
[BlackElo "2615"]
[Annotator "TA"]
[PlyCount "99"]
[EventDate "2018.10.07"]
[EventType "swiss"]
[EventCountry "RUS"]
[SourceTitle "playchess.com"]
[Source "ChessBase"]
[SourceQuality "1"]

1. d4 Nf6 2. Nf3 g6 3. g3 Bg7 4. Bg2 O-O 5. O-O c5 6. c4 cxd4 7. Nxd4 d5 8. cxd5 Nxd5 9. Nc3 Nxc3 10. bxc3 Nc6 11. Nxc6 bxc6 12. Bxc6 Bh3 13. Qxd8 Raxd8 14. Bg2 Bxg2 15. Kxg2 Bxc3 16. Rb1 Rd7 17. Be3 Bd4 18. Bxd4 Rxd4 19. Rb7 Ra4 20. Rxe7 Rxa2 21. Rb1 h5 22. Rbb7 a5 23. Ra7 a4 24. Re4 Kg7 25. Raxa4 Rxa4 26. Rxa4 Re8 27. Kf3 Re6 28. Re4 Ra6 29. Re3 Ra1 30. Rb3 Rh1 31. Kg2 Re1 32. e3 Ra1 33. e4 Ra5 34. h4 Ra4 35. Kf3 Ra2 36. Ke3 Rc2 37. Rb7 Rc3+ 38. Kf4 Rc2 39. f3 Rc5 40. Rd7 Ra5 41. Rd5 Ra3 42. g4 hxg4 43. Kxg4 Ra1 44. h5 Rg1+ 45. Kf4 gxh5 46. Rg5+ Rxg5 47. Kxg5 h4 48. Kxh4 Kf6 49. Kg4 Kg6 50. e5 1-0

[Event "RUS-ch Blitz Men 2018"]
[Site "Sochi"]
[Date "2018.10.07"]
[Round "15"]
[White "Alekseenko, Kirill"]
[Black "Chigaev, Maksim"]
[Result "1-0"]
[WhiteElo "2639"]
[BlackElo "2599"]
[Annotator "TA"]
[PlyCount "85"]
[EventDate "2018.10.07"]
[EventType "swiss"]
[EventCountry "RUS"]
[SourceTitle "playchess.com"]
[Source "ChessBase"]
[SourceQuality "1"]

1. e4 g6 2. d4 Bg7 3. Nc3 d6 4. f4 Nf6 5. Nf3 O-O 6. Bd3 Nc6 7. e5 dxe5 8. fxe5 Nh5 9. Be3 Bg4 10. Be2 f6 11. exf6 exf6 12. Qd2 Ne7 13. Bc4+ Kh8 14. O-O-O Bxf3 15. gxf3 Nf5 16. Kb1 Nxe3 17. Qxe3 f5 18. Rhe1 Qd6 19. Nb5 Qxh2 20. Qe7 Bf6 21. Qxc7 Qxc7 22. Nxc7 Rac8 23. Ne6 Rfe8 24. Bb5 Re7 25. c3 Ng7 26. Nc5 Rxe1 27. Rxe1 b6 28. Nd7 Bg5 29. Ne5 Rf8 30. Bc4 Bh4 31. Rh1 g5 32. Nf7+ Rxf7 33. Bxf7 h5 34. f4 Kh7 35. fxg5 Bxg5 36. Bxh5 Kg8 37. Kc2 Kf8 38. Kd3 Ke7 39. Bf3 Kf6 40. b4 Ne6 41. a4 a5 42. bxa5 bxa5 43. Rh8 1-0

[Event "RUS-ch Blitz Men 2018"]
[Site "Sochi"]
[Date "2018.10.07"]
[Round "15"]
[White "Grachev, Boris"]
[Black "Sjugirov, Sanan"]
[Result "0-1"]
[WhiteElo "2626"]
[BlackElo "2654"]
[Annotator "TA"]
[PlyCount "81"]
[EventDate "2018.10.07"]
[EventType "swiss"]
[EventCountry "RUS"]
[SourceTitle "playchess.com"]
[Source "ChessBase"]
[SourceQuality "1"]

1. d4 Nf6 2. Bf4 e6 3. e3 c5 4. c3 cxd4 5. exd4 b6 6. Nf3 Bb7 7. Nbd2 Be7 8. Bd3 d6 9. O-O Nbd7 10. h3 h6 11. Nc4 Qc7 12. a4 a6 13. Bh2 O-O 14. Re1 Rfe8 15. Ne3 Bf8 16. Be2 Bc6 17. Nd2 b5 18. Bf3 Qb7 19. Qb3 Bxf3 20. Nxf3 d5 21. axb5 axb5 22. Ne5 Nxe5 23. Bxe5 Nd7 24. Bg3 Qc6 25. Rec1 Ra4 26. Qd1 Rea8 27. Rab1 Ra2 28. Ng4 Qc4 29. Ne3 Qa4 30. Qg4 Qb3 31. Rc2 Ra1 32. Rxa1 Rxa1+ 33. Kh2 Rb1 34. Qe2 Qa4 35. Rd2 Qa1 36. Bc7 Nf6 37. f3 Rh1+ 38. Kg3 Nh5+ 39. Kh4 g6 40. Bd8 Qa8 41. Ng4 0-1

[Event "RUS-ch Blitz Men 2018"]
[Site "Sochi"]
[Date "2018.10.07"]
[Round "15"]
[White "Kobalia, Mikhail"]
[Black "Moiseenko, Vadim"]
[Result "0-1"]
[WhiteElo "2620"]
[BlackElo "2492"]
[Annotator "TA"]
[PlyCount "56"]
[EventDate "2018.10.07"]
[EventType "swiss"]
[EventCountry "RUS"]
[SourceTitle "playchess.com"]
[Source "ChessBase"]
[SourceQuality "1"]

1. e4 e5 2. Nf3 Nc6 3. Bb5 a6 4. Ba4 b5 5. Bb3 Na5 6. O-O d6 7. d4 exd4 8. Nxd4 Bb7 9. c3 Nf6 10. Bc2 g6 11. Nd2 Bg7 12. a4 Nc6 13. axb5 Nxd4 14. cxd4 axb5 15. Rxa8 Qxa8 16. d5 O-O 17. Nb3 c6 18. dxc6 Bxc6 19. f3 Qa7+ 20. Qd4 Qc7 21. Qf2 d5 22. exd5 Bxd5 23. Nd4 Rc8 24. Be3 Bc4 25. Rd1 Nd5 26. Bg5 Qc5 27. Bh4 Nb4 28. Bb1 Nd3 0-1

[Event "RUS-ch Blitz Men 2018"]
[Site "Sochi"]
[Date "2018.10.07"]
[Round "15"]
[White "Romanov, Evgeny"]
[Black "Ivlev, Aleksey"]
[Result "0-1"]
[WhiteElo "2614"]
[BlackElo "2326"]
[Annotator "TA"]
[PlyCount "92"]
[EventDate "2018.10.07"]
[EventType "swiss"]
[EventCountry "RUS"]
[SourceTitle "playchess.com"]
[Source "ChessBase"]
[SourceQuality "1"]

1. c4 Nf6 2. Nc3 e5 3. g3 d5 4. cxd5 Nxd5 5. Bg2 Nb6 6. Nf3 Nc6 7. Rb1 Be7 8. b4 f6 9. b5 Nd4 10. Nh4 O-O 11. O-O a6 12. a4 axb5 13. axb5 Ra7 14. d3 Be6 15. e3 Nf5 16. Nxf5 Bxf5 17. Qb3+ Kh8 18. Ne4 Qd7 19. Bb2 Bh3 20. Bxh3 Qxh3 21. d4 Qf5 22. Nd2 exd4 23. Bxd4 Ra3 24. Qd1 Nd7 25. Qc1 Ra2 26. Nb3 Bd6 27. Qc4 Rxf2 28. Rxf2 Qxb1+ 29. Rf1 Qe4 30. Nd2 Qe7 31. Qd5 b6 32. Ne4 Be5 33. Rc1 Bxd4 34. exd4 f5 35. Nf2 f4 36. g4 Nf6 37. Qc6 Qe3 38. Kg2 f3+ 39. Qxf3 Qxc1 40. Nd3 Qg5 41. Ne5 h5 42. h3 Kh7 43. Qd3+ g6 44. Qc2 Nd5 45. Qc6 Qd2+ 46. Kg3 Qf2# 0-1

[Event "RUS-ch Blitz Men 2018"]
[Site "Sochi"]
[Date "2018.10.07"]
[Round "15"]
[White "Esipenko, Andrey"]
[Black "Ponkratov, Pavel"]
[Result "0-1"]
[WhiteElo "2609"]
[BlackElo "2628"]
[Annotator "TA"]
[PlyCount "99"]
[EventDate "2018.10.07"]
[EventType "swiss"]
[EventCountry "RUS"]
[SourceTitle "playchess.com"]
[Source "ChessBase"]
[SourceQuality "1"]

1. d4 Nf6 2. Bf4 c5 3. d5 g6 4. Nc3 d6 5. e4 Bg7 6. Qd2 O-O 7. Nf3 Bg4 8. Be2 Bxf3 9. Bxf3 Nbd7 10. Be2 a6 11. a4 Qa5 12. O-O Qb4 13. Qe3 Rfe8 14. a5 b5 15. axb6 Nxb6 16. Rab1 Nfd7 17. Rfd1 Nc4 18. Bxc4 Qxc4 19. Qe2 Qxe2 20. Nxe2 a5 21. c3 a4 22. Ra1 Reb8 23. Ra2 Nb6 24. Rda1 Nc4 25. Bc1 h5 26. h3 a3 27. bxa3 Ra4 28. Kf1 Rb3 29. Rc2 Ne5 30. f3 Nd3 31. Be3 Raxa3 32. Rd1 Ne5 33. Bg5 Nc4 34. Kf2 Bf6 35. Bxf6 exf6 36. Rdc1 Kg7 37. h4 Nb2 38. Ke3 Na4 39. Kd3 Nb2+ 40. Kd2 Nc4+ 41. Kd3 Ne5+ 42. Ke3 Rb8 43. Nf4 Re8 44. Nd3 Nc4+ 45. Kf2 Rb8 46. Nf4 Ne5 47. Ke3 Re8 48. Rb1 f5 49. exf5 Ra4 50. g3 0-1

[Event "RUS-ch Blitz Men 2018"]
[Site "Sochi"]
[Date "2018.10.07"]
[Round "15"]
[White "Kryakvin, Dmitry"]
[Black "Kezin, Roman"]
[Result "1-0"]
[WhiteElo "2595"]
[BlackElo "2471"]
[Annotator "TA"]
[PlyCount "67"]
[EventDate "2018.10.07"]
[EventType "swiss"]
[EventCountry "RUS"]
[SourceTitle "playchess.com"]
[Source "ChessBase"]
[SourceQuality "1"]

1. d4 d5 2. c4 e6 3. Nf3 Nf6 4. Bg5 dxc4 5. Qa4+ Nbd7 6. e3 Be7 7. Bxc4 O-O 8. Be2 a6 9. O-O b5 10. Qc2 Bb7 11. Rd1 Rc8 12. a4 c5 13. axb5 cxd4 14. Qd3 dxe3 15. Qxe3 axb5 16. Bxb5 Nd5 17. Qd2 Nc5 18. Bxe7 Qxe7 19. Ra3 Rfd8 20. Qe1 Nf4 21. Rxd8+ Rxd8 22. Nbd2 Qf6 23. Rc3 Ncd3 24. Bxd3 Nxd3 25. Qe3 Nxb2 26. Rc7 Ba8 27. h3 h6 28. Ne5 Nd1 29. Qe1 Rf8 30. Nd7 Qf4 31. Ra7 Rd8 32. Qxd1 Qg5 33. Nf3 Qb5 34. Nf6+ 1-0

[Event "RUS-ch Blitz Men 2018"]
[Site "Sochi"]
[Date "2018.10.07"]
[Round "15"]
[White "Timofeev, Artyom"]
[Black "Rakhmanov, Aleksandr"]
[Result "0-1"]
[WhiteElo "2580"]
[BlackElo "2634"]
[Annotator "TA"]
[PlyCount "308"]
[EventDate "2018.10.07"]
[EventType "swiss"]
[EventCountry "RUS"]
[SourceTitle "playchess.com"]
[Source "ChessBase"]
[SourceQuality "1"]

1. c4 e5 2. d3 Bb4+ 3. Nd2 d6 4. g3 Ne7 5. Bg2 O-O 6. Ngf3 a5 7. b3 a4 8. O-O axb3 9. Nxb3 Bc3 10. Rb1 Rxa2 11. Nbd2 Bxd2 12. Nxd2 Nbc6 13. Ne4 b6 14. Nc3 Ra5 15. Bd2 Be6 16. Nd5 Ra7 17. Bc3 Qd7 18. Re1 Bh3 19. Bh1 Nxd5 20. Bxd5 Be6 21. Bg2 d5 22. cxd5 Bxd5 23. Bxd5 Qxd5 24. Qc2 h6 25. Rec1 Nd4 26. Bxd4 exd4 27. Qc4 Qe5 28. Rc2 Re8 29. Rb5 Qf6 30. Kg2 g6 31. Qd5 Re6 32. Rbb2 c5 33. Rb3 Rd6 34. Qe4 Re7 35. Qa8+ Kg7 36. Rcb2 Qe6 37. Qf3 Rc7 38. Qf4 Rcc6 39. Qf3 Qe7 40. h4 Rf6 41. Qd5 Rce6 42. Kf1 Rf5 43. Qa8 Qf6 44. Qg2 h5 45. Kg1 Rfe5 46. Kf1 Qe7 47. Qf3 Rf5 48. Qg2 Qf6 49. Kg1 Rfe5 50. Kf1 Rd6 51. Kg1 Ree6 52. Kf1 Re7 53. Kg1 Ra7 54. Qe4 Re6 55. Qd5 Rd6 56. Qe4 Re7 57. Qg2 Ree6 58. Kf1 Qd8 59. Kg1 Qc7 60. Qf3 Rf6 61. Qe4 Rde6 62. Qd5 Qa7 63. Kg2 Rf5 64. Qd8 Qb7+ 65. Kg1 Rff6 66. Rb5 Qc6 67. R5b3 Qd6 68. Qxd6 Rxd6 69. Kg2 Rfe6 70. Kf3 Kf6 71. e3 dxe3 72. fxe3 Ke5 73. Ke2 Kf5 74. Kf3 Rf6 75. Rc3 Rc6 76. Rc4 Ke5+ 77. Ke2 Kd5 78. Re4 Rce6 79. Ra4 Re7 80. Ra8 Rfe6 81. Rd8+ Kc6 82. e4 Ra7 83. Rf8 f5 84. Kf3 fxe4+ 85. dxe4 Ra3+ 86. Kf4 Ra4 87. Re2 b5 88. Rc8+ Kb6 89. Kg5 c4 90. e5 Ra3 91. Kf4 Ka5 92. Ra8+ Kb4 93. Rf8 Rd3 94. Rf6 Rd4+ 95. Kg5 Rg4+ 96. Kh6 Re8 97. Rxg6 c3 98. Rxg4+ hxg4 99. e6 Kc4 100. Kg6 b4 101. Kf7 Rxe6 102. Rxe6 b3 103. h5 c2 104. Rc6+ Kd3 105. h6 b2 106. h7 c1=Q 107. Rxc1 bxc1=Q 108. h8=Q Qc7+ 109. Ke6 Qxg3 110. Kf5 Qf3+ 111. Kg5 g3 112. Qh3 Ke2 113. Qc8 Qe3+ 114. Kg4 g2 115. Qc2+ Kf1 116. Qb1+ Kf2 117. Qf5+ Kg1 118. Qb1+ Kh2 119. Qh7+ Kg1 120. Qb1+ Kf2 121. Qf5+ Ke2 122. Qc2+ Qd2 123. Qe4+ Kf1 124. Qf5+ Kg1 125. Qb1+ Kf2 126. Qf5+ Ke1 127. Qc5 Ke2 128. Qe5+ Kf1 129. Qf5+ Ke1 130. Qc5 Qf2 131. Qc1+ Ke2 132. Qc2+ Kf1 133. Qd1+ Qe1 134. Qf3+ Kg1 135. Kh3 Qe6+ 136. Kg3 Qg6+ 137. Kh3 Qh6+ 138. Kg3 Qg5+ 139. Kh3 Qh6+ 140. Kg3 Qg6+ 141. Kh3 Qh7+ 142. Kg3 Qg7+ 143. Kh3 Qh8+ 144. Kg3 Qg8+ 145. Kh3 Qh7+ 146. Kg3 Qg6+ 147. Kh3 Kh1 148. Qd5 Qh6+ 149. Kg3 Qg7+ 150. Kh3 Qh7+ 151. Kg3 Qg7+ 152. Kh3 Qg6 153. Qa8 Qh7+ 154. Kg3 Qg8+ 0-1

[Event "RUS-ch Blitz Men 2018"]
[Site "Sochi"]
[Date "2018.10.07"]
[Round "15"]
[White "Pridorozhni, Aleksei"]
[Black "Hasangatin, Ramil"]
[Result "1-0"]
[WhiteElo "2574"]
[BlackElo "2485"]
[Annotator "TA"]
[PlyCount "31"]
[EventDate "2018.10.07"]
[EventType "swiss"]
[EventCountry "RUS"]
[SourceTitle "playchess.com"]
[Source "ChessBase"]
[SourceQuality "1"]

1. e4 d5 2. Nc3 dxe4 3. Nxe4 Bf5 4. Ng3 Bg6 5. Nf3 e6 6. h4 h6 7. Ne5 Bh7 8. Qf3 Nf6 9. Qxb7 Nbd7 10. Nc6 Qc8 11. Ba6 Qxb7 12. Bxb7 Rb8 13. Nxb8 Nxb8 14. d3 c6 15. Bf4 Nfd7 16. Bc8 1-0

[Event "RUS-ch Blitz Men 2018"]
[Site "Sochi"]
[Date "2018.10.07"]
[Round "15"]
[White "Rozum, Ivan"]
[Black "Alekseev, Evgeny"]
[Result "0-1"]
[WhiteElo "2573"]
[BlackElo "2620"]
[Annotator "ChessBase"]
[PlyCount "104"]
[EventDate "2018.10.07"]
[EventType "swiss"]
[EventCountry "RUS"]
[SourceTitle "playchess.com"]
[Source "ChessBase"]
[SourceQuality "1"]

1. c4 c5 2. Nf3 Nc6 3. d4 cxd4 4. Nxd4 Qb6 5. Nc2 Nf6 6. Nc3 e6 7. e4 Qc7 8. Be2 Be7 9. O-O O-O 10. b3 b6 11. Bb2 Bb7 12. Rc1 Rac8 13. f4 Rcd8 14. Bf3 Qxf4 15. Kh1 Qg5 16. Nb5 d6 17. Qe2 Nd7 18. Rcd1 Nde5 19. Bc1 Qh4 20. Ba3 Nxf3 21. gxf3 Ne5 22. Bxd6 Bxd6 23. Nxd6 Ba8 24. Kg1 Qe7 25. Nb5 Rxd1 26. Rxd1 f5 27. f4 Ng6 28. exf5 Nxf4 29. Qg4 Rxf5 30. h4 Rf6 31. Kh2 h6 32. Ne3 Bc6 33. Nd4 Bd7 34. Nf3 Be8 35. Ne5 Bh5 36. Nc6 Qc7 37. Rd8+ Qxd8 38. Nxd8 Bxg4 39. Nxg4 Rf8 40. Nc6 Nd3 41. Kg3 a5 42. Ne3 Kh7 43. h5 Nc5 44. Ne5 Ne4+ 45. Kg4 Rf2 46. a4 Rb2 47. Nf1 Nd2 48. Nxd2 Rxd2 49. c5 Rd4+ 50. Kg3 bxc5 51. Nc4 Rd3+ 52. Kf4 Rxb3 0-1

[Event "RUS-ch Blitz Men 2018"]
[Site "Sochi"]
[Date "2018.10.07"]
[Round "15"]
[White "Bocharov, Ivan"]
[Black "Oparin, Grigoriy"]
[Result "1/2-1/2"]
[WhiteElo "2563"]
[BlackElo "2624"]
[Annotator "ChessBase"]
[PlyCount "159"]
[EventDate "2018.10.07"]
[EventType "swiss"]
[EventCountry "RUS"]
[SourceTitle "playchess.com"]
[Source "ChessBase"]
[SourceQuality "1"]

1. e4 e5 2. Nf3 Nc6 3. Bc4 Nf6 4. d3 Be7 5. O-O O-O 6. Re1 d6 7. c3 Na5 8. Bb5 a6 9. Ba4 b5 10. Bc2 c5 11. d4 cxd4 12. cxd4 Qc7 13. Bg5 Be6 14. Nbd2 h6 15. Bh4 Rac8 16. Rc1 Nc4 17. Nxc4 bxc4 18. d5 Bg4 19. Bd3 Qb6 20. Bxc4 Qxb2 21. Qb3 Qxb3 22. axb3 Bxf3 23. Bxf6 Bxf6 24. gxf3 Bg5 25. Ra1 a5 26. Re2 Rc5 27. Rc2 Rb8 28. Rca2 Bd8 29. Kf1 g6 30. Ke2 Kg7 31. Kd3 Bb6 32. Rc2 h5 33. h3 Kf6 34. Rg1 Ra8 35. Ra2 Rac8 36. Rg2 Rb8 37. Ra4 Rc7 38. Ra2 Ra7 39. Rg1 Bc5 40. Rga1 Bb4 41. Rg1 Rba8 42. Bb5 Bc5 43. Rga1 Bd4 44. Rg1 Rb8 45. Bc4 Rb4 46. Ra4 Rxa4 47. bxa4 Rb7 48. Bb5 Bxf2 49. Rg2 Bc5 50. Kc4 Rc7 51. Bc6 Rc8 52. Rb2 Bb4 53. Rg2 Rb8 54. Bb5 Ke7 55. Bc6 Kd8 56. Bb5 Kc7 57. Rc2 Kb6 58. Kd3 Bc5 59. Rb2 Kc7 60. Rc2 Rf8 61. Rg2 Kb6 62. Kc4 Rc8 63. Bc6 Kc7 64. Rb2 Bb4 65. Rg2 Rb8 66. Rb2 h4 67. Rg2 Kb6 68. Bb5 Rh8 69. Bc6 Rh5 70. Be8 Rh7 71. Kd3 Kc7 72. Rc2+ Bc5 73. Rb2 Bb4 74. Rc2+ Kd8 75. Bb5 Bc5 76. Rg2 Rg7 77. Kc4 Rg8 78. Bc6 Kc7 79. Rb2 Bb4 80. Rg2 1/2-1/2

[Event "RUS-ch Blitz Men 2018"]
[Site "Sochi"]
[Date "2018.10.07"]
[Round "15"]
[White "Yuffa, Daniil"]
[Black "Demidov, Mikhail"]
[Result "0-1"]
[WhiteElo "2563"]
[BlackElo "2514"]
[Annotator "ChessBase"]
[PlyCount "182"]
[EventDate "2018.10.07"]
[EventType "swiss"]
[EventCountry "RUS"]
[SourceTitle "playchess.com"]
[Source "ChessBase"]
[SourceQuality "1"]

1. d4 d5 2. c4 c6 3. Nc3 dxc4 4. e4 b5 5. a4 b4 6. Nb1 Nf6 7. e5 Nd5 8. Bxc4 e6 9. Nf3 Ba6 10. b3 Be7 11. O-O O-O 12. Nbd2 Bxc4 13. Nxc4 c5 14. Bb2 Nc6 15. Rc1 cxd4 16. Nxd4 Nxd4 17. Qxd4 Qb8 18. Qg4 Rd8 19. Na5 Rc8 20. Nc6 Qb7 21. Qc4 Rc7 22. Rfd1 Bg5 23. f4 Bxf4 24. Rc2 h6 25. Qb5 Qxb5 26. axb5 Ne3 27. Rd4 Nxc2 28. Rxf4 Ne3 29. Rxb4 Nd5 30. Ra4 Rb7 31. Ra5 Ne7 32. Bd4 Nc8 33. Bc5 a6 34. Rxa6 Rxa6 35. bxa6 Rxb3 36. a7 Rb1+ 37. Kf2 Ra1 38. Ke3 Ra2 39. Kd4 Nxa7 40. Nxa7 Rxg2 41. Nc6 Rxh2 42. Bd6 g5 43. Ke3 Kg7 44. Nd4 Kg6 45. Be7 Ra2 46. Bf6 g4 47. Ne2 h5 48. Nf4+ Kh6 49. Bh4 Ra3+ 50. Ke2 Rf3 51. Ng2 Kg6 52. Bf6 Ra3 53. Nh4+ Kh6 54. Ng2 Ra2+ 55. Kf1 Kg6 56. Nh4+ Kh7 57. Ng2 Ra3 58. Kf2 Rf3+ 59. Kg1 Rxf6 60. exf6 Kg6 61. Nf4+ Kxf6 62. Nxh5+ Kg5 63. Ng3 f5 64. Kf2 e5 65. Ne2 f4 66. Nc3 Kf5 67. Nd5 g3+ 68. Kg2 e4 69. Nc3 Ke5 70. Nb5 Kd5 71. Nc3+ Kd4 72. Nb5+ Kd3 73. Nc7 e3 74. Ne6 Ke4 75. Ng5+ Kd3 76. Ne6 Ke4 77. Ng5+ Kf5 78. Nf3 Kg4 79. Ne5+ Kf5 80. Nf3 Ke4 81. Ng5+ Kd3 82. Ne6 Ke4 83. Ng5+ Ke5 84. Nf3+ Kf5 85. Nd4+ Ke4 86. Ne6 e2 87. Ng5+ Kd3 88. Nf3 Kc2 89. Nd4+ Kd1 90. Nf3 e1=Q 91. Nxe1 Kxe1 0-1